CAN TIMBER HOUSES BE PRODUCTIVELY FASTER TO BUILD THAN OTHER BUILDINGS? (Registro n. 330394)
[ somente texto ]
| 000 -LÍDER | |
|---|---|
| fixed length control field | 03331nab a2200301 i 4500 |
| 003 - CÓDIGO MARC DA AGÊNCIA CATALOGADORA | |
| Campo de controle | BR-BrBNA |
| 005 - DATA E HORA DA ÚLTIMA ATUALIZAÇÃO | |
| Campo de controle | 20250313224035.0 |
| 008 - CAMPO DE TAMANHO FIXO | |
| fixed length control field | 250313b2022 bl.ar|pooa||| 00| 0 eng | |
| 040 ## - FONTE DA CATALOGAÇÃO | |
| Agência catalogadora | BR-BrBNA |
| Idioma da catalogação | eng |
| 072 ## - CATEGORIA AGRIS | |
| Código AGRIS | K50 |
| 100 ## - ENTRADA PRINCIPAL - NOME PESSOAL | |
| Nome pessoal | Araujo, Victor Almeida De |
| 100 ## - ENTRADA PRINCIPAL - NOME PESSOAL | |
| Nome pessoal | Vasconcelos, Juliano Souza |
| 100 ## - ENTRADA PRINCIPAL - NOME PESSOAL | |
| Nome pessoal | Cortez-Barbosa, Juliana |
| 100 ## - ENTRADA PRINCIPAL - NOME PESSOAL | |
| Nome pessoal | Morales, Elen Aparecida Martines |
| 100 ## - ENTRADA PRINCIPAL - NOME PESSOAL | |
| Nome pessoal | Gava, Maristela |
| 100 ## - ENTRADA PRINCIPAL - NOME PESSOAL | |
| Nome pessoal | Garcia, José Nivaldo |
| 245 ## - TÍTULO PRINCIPAL | |
| Título principal | CAN TIMBER HOUSES BE PRODUCTIVELY FASTER TO BUILD THAN OTHER BUILDINGS? |
| 500 ## - NOTA GERAL | |
| Nota geral | Publicação on-line; 2 tables; Sumaries (En, Pt); Bibliography p. 11 - 15 |
| 942 ## - ADDED ENTRY ELEMENTS (KOHA) | |
| Koha item type | Analítica |
| 520 ## - NOTA DE RESUMO | |
| Nota de conteúdo | <br/><br/>ABSTRACT – To identify the time spent with the diff erent construction techniques of timber houses, this study evaluates the execution time of diff erent models available in Brazil. Using face-to-face interviews, semi-structured questionnaires were randomly applied to collect average time according to distinct production methods. The most effi cient techniques were: ‘clapboard and wainscot’, ‘post-and-beam’, and ‘log-home using artisanal production; ‘clapboard and wainscot’, ‘stick framing with masonry’, and ‘post-and-beam’ in semi-industrial process; and, ‘modular for building sites’, ‘modular in cross-laminated timber’ and ‘modular woodframe’ in industrial production. Diff erent industrial developers were not as agile as artisanal competitors due to production obstacles in customized projects. Timber construction off ers lower execution time than masonry, representing an agile form to build a versatile sustainable dwelling.<br/><br/>Keywords: Building time; timber; construction sector |
| 520 ## - NOTA DE RESUMO | |
| Nota de conteúdo | <br/><br/>RESUMO – Para identificar o tempo gasto com as diferentes técnicas de construção de casas de madeira, este estudo avalia o tempo de execução de diferentes modelos disponíveis no Brasil. Utilizando entrevistas face-aface, formulários semiestruturados foram randomicamente aplicados para coletar o tempo médio de acordo com distintos métodos de produção. As técnicas mais eficientes foram: ‘tábua e mata-junta’, ‘pilar-viga’ e ‘casa de toras’ utilizando produção artesanal; ‘tábua e mata-junta’, ‘paliteiro com alvenaria’ e ‘pilar-viga’ em processo semi-industrial; e, ‘modular para canteiros de obras’, ‘modular em madeira laminada coladacruzada’ e ‘entramado leve modular’ em produção industrial. Diferentes produtores industriais não foram tão ágeis como seus concorrentes artesanais devido aos obstáculos produtivos em projetos customizados. A construção em madeira oferece um tempo produtivo mais baixo que a alvenaria, representando uma forma ágil para construir uma moradia sustentável e versátil.<br/><br/>Palavras-Chave: Tempo de construção; madeira; setor construtivo. |
| 650 ## - ASSUNTO - THESAGRO | |
| Cabeçalho tópico ou nome geográfico | MADEIRA |
| 650 ## - ASSUNTO - THESAGRO | |
| Cabeçalho tópico ou nome geográfico | PROCESSAMENTO |
| 650 ## - ASSUNTO - THESAGRO | |
| Cabeçalho tópico ou nome geográfico | MATERIAL DE CONSTRUÇÃO |
| 773 0# - ENTRADA ANALÍTICA | |
| Host Biblionumber | 812 |
| Registro do item | 346929 |
| Imprenta | Viçosa-MG Sociedade de Investigações Florestais - Universidade Federal de Viçosa. Depto. de Engenharia Florestal 1977 |
| Outro identificador | 2024-7727 |
| Título | Revista Árvore (Brazil) |
| ISSN | 0100-6762 |
| Colação | v. 46 p. 1-15; (2022) |
| Número de controle de registro | BR2024004869 |
| 856 ## - ACESSO E ENDEREÇO ELETRÔNICO | |
| Identificador uniforme de recurso - URI | https://www.scielo.br/j/rarv/a/Cgppyx8yPFvFqPfg6WfPgHc/?format=pdf&lang=en |
Nenhum exemplar disponível.

BINAGRI